书目信息 |
| 题名: |
技术开发与管理
|
|
| 作者: | 夏洪胜 , 张世贤 主编 | |
| 分册: | ||
| 出版信息: | 北京 经济管理出版社 2014 |
|
| 页数: | 220页 | |
| 开本: | 24cm | |
| 丛书名: | 21世纪工商管理文库 | |
| 单 册: | ||
| 中图分类: | F062.4 , F204 | |
| 科图分类: | ||
| 主题词: | 技术开发--研究 , 技术管理--研究 | |
| 电子资源: | ||
| ISBN: | 978-7-5096-2341-1 | |
| 000 | 01606nam 2200325 450 | |
| 001 | 2370717970 | |
| 005 | 20231211193849.54 | |
| 010 | @a978-7-5096-2341-1@dCNY42.00 | |
| 100 | @a20140519d2014 em y0chiy50 ea | |
| 101 | 0 | @achi |
| 102 | @aCN@b110000 | |
| 105 | @aak a 000yy | |
| 200 | 1 | @a技术开发与管理@Aji shu kai fa yu guan li@d= Technology development and management@f夏洪胜, 张世贤主编@zeng |
| 210 | @a北京@c经济管理出版社@d2014 | |
| 215 | @a220页@c图@d24cm | |
| 225 | 2 | @a21世纪工商管理文库@A21shi ji gong shang guan li wen ku |
| 300 | @a中国社会科学院创新工程学术出版资助项目 | |
| 314 | @a夏洪胜, 湖北武汉人。1992年于东南大学经济管理学院获博士学位, 毕业后到厦门大学工作, 1993年破格提升为副教授。1994年调入暨南大学管理学院企业管理系工作, 1996年破格提升为教授, 1998年评为企业管理专业博士生导师, 是我国当时较为年轻的博士生导师之一。出版学术专著2部, 在国内外学术期刊发表工商管理方面的论文百余篇。张世贤, 经济学博士, 中国社会科学院工业经济研究所研究员, 中国社会科学院研究生院教授, 博士生导师。主要研究领域: 工业投资与融资、品牌战略管理、产业竞争力。 | |
| 320 | @a有书目 (第211-214页) | |
| 330 | @a本书主要内容包括: 导论; 技术预测、评价与选择; 技术投资管理; 技术研发管理; 技术转移、扩散与商业化; 技术商品定价; 技术组织管理等。 | |
| 410 | 0 | @12001 @a21世纪工商管理文库 |
| 510 | 1 | @aTechnology development and management@zeng |
| 606 | 0 | @a技术开发@x研究 |
| 606 | 0 | @a技术管理@x研究 |
| 690 | @aF062.4@v5 | |
| 690 | @aF204@v5 | |
| 701 | 0 | @a夏洪胜@Axia hong sheng@4主编 |
| 701 | 0 | @a张世贤@Azhang shi xian@4主编 |
| 801 | 0 | @aCN@b湖北三新@c20140519 |
| 905 | @aZUCC@dF062.4@e55 | |
| 技术开发与管理= Technology development and management/夏洪胜, 张世贤主编.-北京:经济管理出版社,2014 |
| 220页:图;24cm.-(21世纪工商管理文库) |
| 中国社会科学院创新工程学术出版资助项目 |
| ISBN 978-7-5096-2341-1:CNY42.00 |
| 本书主要内容包括: 导论; 技术预测、评价与选择; 技术投资管理; 技术研发管理; 技术转移、扩散与商业化; 技术商品定价; 技术组织管理等。 |
| ● |
| 相关链接 |
|
|
|
正题名:技术开发与管理
索取号:F062.4/55
 
预约/预借
| 序号 | 登录号 | 条形码 | 馆藏地/架位号 | 状态 | 备注 |
| 1 | 2001424538 | 2001424538 | 209书库/ [索取号:F062.4/55] | 在馆 | |
| 2 | 2001424539 | 2001424539 | 209书库/ [索取号:F062.4/55] | 在馆 | |
| 3 | 2001424540 | 2001424540 | 209书库/ [索取号:F062.4/55] | 在馆 | |
| 4 | 2001424541 | 2001424541 | 209书库/ [索取号:F062.4/55] | 在馆 | |
| 5 | 2001424542 | 2001424542 | 209书库/ [索取号:F062.4/55] | 在馆 | |
| 6 | 2001424543 | 2001424543 | 209书库/ [索取号:F062.4/55] | 在馆 | |
| 7 | 2001424544 | 2001424544 | 209书库/ [索取号:F062.4/55] | 在馆 | |
| 8 | 2001424545 | 2001424545 | 209书库/ [索取号:F062.4/55] | 在馆 | |
| 9 | 2001424546 | 2001424546 | 209书库/ [索取号:F062.4/55] | 在馆 | |
| 10 | 2001424547 | 2001424547 | 209书库/ [索取号:F062.4/55] | 在馆 | |
| 11 | 2001424548 | 2001424548 | 209书库/ [索取号:F062.4/55] | 在馆 | |
| 12 | 2001424549 | 2001424549 | 209书库/ [索取号:F062.4/55] | 在馆 | |
| 13 | 2001424550 | 2001424550 | 209书库/ [索取号:F062.4/55] | 在馆 | |
| 14 | 2001424551 | 2001424551 | 209书库/ [索取号:F062.4/55] | 在馆 | |
| 15 | 2001424552 | 2001424552 | 209书库/ [索取号:F062.4/55] | 在馆 | |
| 16 | 2001424553 | 2001424553 | 209书库/ [索取号:F062.4/55] | 在馆 | |
| 17 | 2001424554 | 2001424554 | 209书库/ [索取号:F062.4/55] | 在馆 | |
| 18 | 2001424555 | 2001424555 | 209书库/ [索取号:F062.4/55] | 在馆 | |
| 19 | 2001424556 | 2001424556 | 209书库/ [索取号:F062.4/55] | 在馆 | |
| 20 | 2001424557 | 2001424557 | 209书库/ [索取号:F062.4/55] | 在馆 | |
| 21 | 2001424558 | 2001424558 | 209书库/ [索取号:F062.4/55] | 在馆 | |
| 22 | 2001424559 | 2001424559 | 209书库/ [索取号:F062.4/55] | 在馆 | |
| 23 | 2001424560 | 2001424560 | 209书库/ [索取号:F062.4/55] | 在馆 | |
| 24 | 2001424561 | 2001424561 | 209书库/ [索取号:F062.4/55] | 在馆 | |
| 25 | 2001424562 | 2001424562 | 209书库/ [索取号:F062.4/55] | 在馆 | |
| 26 | 2001424563 | 2001424563 | 209书库/ [索取号:F062.4/55] | 在馆 | |
| 27 | 2001424564 | 2001424564 | 209书库/ [索取号:F062.4/55] | 在馆 | |
| 28 | 2001424565 | 2001424565 | 209书库/ [索取号:F062.4/55] | 在馆 | |
| 29 | 2001424566 | 2001424566 | 209书库/ [索取号:F062.4/55] | 在馆 | |
| 30 | 2001424567 | 2001424567 | 209书库/ [索取号:F062.4/55] | 在馆 |